00321nam a2200121Ia 4500008004100000041000800041082001400049100001700063245004300080260003300123300003200156365001100188240624s9999 xx 000 0 und d aeng a658.3 RED aREDDY SUMATI aWORKFORCE DIVERSITY GLOBAL EXPERIENCES c2005aHyderabadbICFAI press aviii, : 180 : p. : cm. ; 25 cRSb20